[Event "Tradewise Gibraltar Chess Festival 2013"]
[Site "Gibraltar ENG"]
[Date "2013.01.24"]
[Round "3.79"]
[White "Hackner, Oskar A"]
[Black "Lederman, Leon"]
[Result "0-1"]
[WhiteElo "2015"]
[BlackElo "2239"]
[PlyCount "176"]
[EventDate "2013.01.22"]
[EventType "swiss"]
[EventRounds "10"]
[EventCountry "ENG"]
[Source "lmi"]
[SourceDate "2013.01.22"]

1. d4 d5 2. c4 c6 3. Nc3 Nf6 4. cxd5 cxd5 5. Bf4 Nc6 6. e3 e6 7. Bd3 Bd6 8.
Nge2 O-O 9. O-O b6 10. Rc1 Bb7 11. a3 Na5 12. Bxd6 Qxd6 13. Nb5 Qd8 14. Nf4 a6
15. Nc3 Nc4 16. Nh5 b5 17. Nb1 Ne8 18. b3 Nb2 19. Qe2 Nxd3 20. Qxd3 a5 21. f3
Nd6 22. Rf2 b4 23. Ra2 Qb6 24. a4 Ba6 25. Qd2 Rac8 26. Rac2 Rxc2 27. Rxc2 Rc8
28. Nf4 Rxc2 29. Qxc2 Nf5 30. Qd2 Qc7 31. Kf2 g5 32. e4 dxe4 33. fxe4 Nd6 34.
Nxe6 fxe6 35. Qxg5+ Qg7 36. Qd8+ Qf8+ 37. Qxf8+ Kxf8 38. Ke3 Ke7 39. Nd2 Bb7
40. Kf4 Bc6 41. g4 Bd7 42. h4 Bc8 43. Ke5 Nf7+ 44. Kf4 Ba6 45. Ke3 e5 46. d5 h6
47. Nf3 Kf6 48. Ne1 Nh8 49. Nf3 Ng6 50. Kd2 Bc8 51. g5+ hxg5 52. hxg5+ Kf7 53.
Ke1 Ba6 54. Kd2 Ke7 55. Ke3 Kd6 56. Kd2 Nf8 57. Nh4 Ke7 58. Ke3 Nd7 59. Nf5+
Kf8 60. g6 Nc5 61. g7+ Kg8 62. Ne7+ Kxg7 63. Nc6 Nxb3 64. Nxe5 Nc5 65. Nc6 b3
66. Kd2 b2 67. Kc2 Nxa4 68. Ne5 Kf6 69. Ng4+ Kg5 70. Nf2 Kf4 71. d6 Bb5 72. d7
Bxd7 73. Nd3+ Kxe4 74. Nxb2 Nb6 75. Kc3 Bb5 76. Nd1 Nd5+ 77. Kb3 Kd4 78. Nb2
Nb6 79. Ka3 Ke3 80. Nd1+ Kd2 81. Nb2 Kc2 82. Ka2 Nd5 83. Ka1 Kb3 84. Nd1 Bd3
85. Ne3 Nb4 86. Nd5 Nc2+ 87. Kb1 a4 88. Nf4 a3 0-1

[Event "Tradewise Gibraltar Chess Festival 2013"]
[Site "Gibraltar ENG"]
[Date "2013.01.24"]
[Round "3.80"]
[White "Dolzhikova, Olga"]
[Black "Spanton, Tim R"]
[Result "1-0"]
[WhiteElo "2239"]
[BlackElo "2017"]
[PlyCount "69"]
[EventDate "2013.01.22"]
[EventType "swiss"]
[EventRounds "10"]
[EventCountry "ENG"]
[Source "lmi"]
[SourceDate "2013.01.22"]

1. e4 c5 2. c3 g6 3. Nf3 Bg7 4. Bc4 e6 5. d4 cxd4 6. cxd4 d5 7. exd5 exd5 8.
Bb5+ Bd7 9. Bxd7+ Nxd7 10. O-O Ne7 11. Bg5 O-O 12. Nc3 Nf6 13. Qb3 Qb6 14. Qa3
Rfe8 15. Rfe1 Bf8 16. Na4 Qa6 17. Qb3 Ne4 18. Bxe7 Rxe7 19. Qxd5 Qxa4 20. Rxe4
Rd7 21. Qg5 Rad8 22. b3 Qa6 23. h4 f5 24. Re3 h6 25. Qf4 Bg7 26. Rae1 Qd6 27.
Re8+ Rxe8 28. Rxe8+ Kf7 29. Qe3 Rc7 30. Ra8 Re7 31. Qd3 Rc7 32. g3 a6 33. h5
Rc1+ 34. Kg2 Qd5 35. Qe3 1-0

[Event "Tradewise Gibraltar Chess Festival 2013"]
[Site "Gibraltar ENG"]
[Date "2013.01.24"]
[Round "3.81"]
[White "Rydell, Marten"]
[Black "Hommerson, Paul"]
[Result "0-1"]
[WhiteElo "1960"]
[BlackElo "2237"]
[PlyCount "88"]
[EventDate "2013.01.22"]
[EventType "swiss"]
[EventRounds "10"]
[EventCountry "ENG"]
[Source "lmi"]
[SourceDate "2013.01.22"]

1. e4 c5 2. d4 cxd4 3. c3 Nf6 4. e5 Nd5 5. Nf3 e6 6. cxd4 d6 7. Bc4 Nb6 8. Bb3
dxe5 9. dxe5 Qxd1+ 10. Bxd1 Bb4+ 11. Bd2 Nc6 12. a3 Be7 13. O-O O-O 14. Bb3 Bd7
15. Bc3 Nb8 16. Nbd2 Ba4 17. Rfe1 Bxb3 18. Nxb3 Na4 19. Rac1 Nc6 20. Re4 Nxc3
21. Rxc3 Rfd8 22. Kf1 Rd1+ 23. Ke2 Rb1 24. Rc2 Bxa3 25. bxa3 Rxb3 26. Re3 Rxe3+
27. Kxe3 Rd8 28. Rb2 Rd7 29. Ke4 Kf8 30. g4 Ke7 31. g5 Na5 32. Rb4 Rd1 33. a4
b6 34. Ke3 Rd8 35. Rh4 Rh8 36. Nd2 h6 37. gxh6 Rxh6 38. Rxh6 gxh6 39. f4 Nb7
40. Ne4 Nc5 41. Nxc5 bxc5 42. Kd3 Kd7 43. Kc4 Kc6 44. a5 h5 0-1

[Event "Tradewise Gibraltar Chess Festival 2013"]
[Site "Gibraltar ENG"]
[Date "2013.01.24"]
[Round "3.82"]
[White "Lyell, Mark"]
[Black "Tranter, Stephen"]
[Result "0-1"]
[WhiteElo "2235"]
[BlackElo "1938"]
[PlyCount "78"]
[EventDate "2013.01.22"]
[EventType "swiss"]
[EventRounds "10"]
[EventCountry "ENG"]
[Source "lmi"]
[SourceDate "2013.01.22"]

1. e4 c6 2. d4 d5 3. e5 Bf5 4. Nd2 e6 5. Nb3 Nd7 6. Nf3 Nh6 7. Be2 Bg6 8. Bd2
Nf5 9. Ba5 Qc8 10. Rc1 Be7 11. Qd2 O-O 12. h4 Bh5 13. c4 dxc4 14. Rxc4 Nb6 15.
Bxb6 axb6 16. d5 exd5 17. Rf4 Bxf3 18. Bxf3 Nh6 19. Rh3 Rxa2 20. Bd1 Qe6 21.
Re3 Bc5 22. Nxc5 bxc5 23. Bc2 Ra1+ 24. Ke2 d4 25. Qd3 Qg6 26. Ree4 Qxg2 27. Bd1
Qg6 28. Kd2 Ra2 29. Qb3 Qe6 30. Qxb7 Qc8 31. Qb3 Qa6 32. e6 c4 33. Qb4 c3+ 34.
Ke1 Ra1 35. e7 Rxd1+ 36. Kxd1 Qd3+ 37. Ke1 Re8 38. Qb8 Qb1+ 39. Ke2 Qxb2+ 0-1

[Event "Tradewise Gibraltar Chess Festival 2013"]
[Site "Gibraltar ENG"]
[Date "2013.01.24"]
[Round "3.84"]
[White "Ferrante, Marco"]
[Black "Pribyl, Jaroslav"]
[Result "0-1"]
[WhiteElo "2227"]
[BlackElo "1932"]
[PlyCount "144"]
[EventDate "2013.01.22"]
[EventType "swiss"]
[EventRounds "10"]
[EventCountry "ENG"]
[Source "lmi"]
[SourceDate "2013.01.22"]

1. e4 c6 2. d4 d5 3. Nc3 dxe4 4. Nxe4 Bf5 5. Ng3 Bg6 6. h4 h6 7. Nf3 Nd7 8. h5
Bh7 9. Bd3 Bxd3 10. Qxd3 e6 11. Bd2 Qc7 12. O-O-O Ngf6 13. Qe2 O-O-O 14. Ne5
Nxe5 15. dxe5 Nd5 16. f4 Bc5 17. Ne4 Qb6 18. Rh3 a5 19. a3 a4 20. Qc4 Bd4 21.
Qa2 Rd7 22. Re1 Bc5 23. Qc4 Be7 24. Qxa4 Nc7 25. Be3 c5 26. Nxc5 Bxc5 27. Bxc5
Qxc5 28. Rc3 Rd4 29. Qb3 Qa5 30. f5 Kb8 31. fxe6 Nxe6 32. Rf1 Rhd8 33. Rcf3 Ng5
34. Rf5 Qd5 35. Qxd5 R4xd5 36. c4 Rd4 37. b3 Rd2 38. e6 fxe6 39. Rf8 R2d7 40.
Kc2 Rd2+ 41. Kc3 Ne4+ 42. Kb4 Nf6 43. Rxd8+ Rxd8 44. Re1 Re8 45. Re5 Nd7 46.
Re3 e5 47. c5 Nf6 48. Kc4 Nxh5 49. Kd5 e4 50. Kd4 Nf6 51. b4 h5 52. b5 Kc7 53.
a4 Rd8+ 54. Kc4 Ra8 55. Ra3 Ng4 56. a5 e3 57. Ra2 Rd8 58. a6 Ne5+ 59. Kc3 Rd3+
60. Kb4 bxa6 61. bxa6 Rd2 62. Ra1 e2 63. a7 Rd8 64. Kc3 Nd3 65. a8=Q Rxa8 66.
Rxa8 e1=Q+ 67. Kxd3 Qg3+ 68. Kc4 Qxg2 69. Ra7+ Kb8 70. Ra5 Qe4+ 71. Kb5 Qb7+
72. Kc4 h4 0-1

[Event "Tradewise Gibraltar Chess Festival 2013"]
[Site "Gibraltar ENG"]
[Date "2013.01.24"]
[Round "3.86"]
[White "Kuipers, Stefan"]
[Black "Canonne, Antoine"]
[Result "1-0"]
[WhiteElo "2431"]
[BlackElo "2002"]
[PlyCount "73"]
[EventDate "2013.01.22"]
[EventType "swiss"]
[EventRounds "10"]
[EventCountry "ENG"]
[Source "lmi"]
[SourceDate "2013.01.22"]

1. e4 Nc6 2. Nf3 e6 3. d4 d5 4. e5 f5 5. a3 Be7 6. Nc3 a6 7. h4 Nh6 8. Bxh6
gxh6 9. Ne2 b5 10. Qd2 Bf8 11. Nf4 Qe7 12. b4 Rb8 13. Nd3 Rg8 14. g3 Qf7 15.
Be2 Bd7 16. Kf1 Kd8 17. Nf4 Ne7 18. Ne1 Ng6 19. Bh5 Qg7 20. Nfd3 Be8 21. Ng2
Rb6 22. Be2 Be7 23. Nc5 Rf8 24. Qc3 f4 25. h5 Nxe5 26. dxe5 fxg3 27. f4 Bg5 28.
Bf3 Bxf4 29. Nxf4 Rxf4 30. Kg2 d4 31. Rad1 Qxe5 32. Rhe1 Qf6 33. Ne4 Qg7 34.
Rxd4+ Bd7 35. Red1 Kc8 36. Rxd7 Qxd7 37. Qh8+ 1-0

[Event "Tradewise Gibraltar Chess Festival 2013"]
[Site "Gibraltar ENG"]
[Date "2013.01.24"]
[Round "3.87"]
[White "Bird, Andrew"]
[Black "Suez-Panama, Gilles"]
[Result "1-0"]
[WhiteElo "2223"]
[BlackElo "1989"]
[PlyCount "79"]
[EventDate "2013.01.22"]
[EventType "swiss"]
[EventRounds "10"]
[EventCountry "ENG"]
[Source "lmi"]
[SourceDate "2013.01.22"]

1. d4 d5 2. c4 c6 3. Nf3 e6 4. e3 Nf6 5. b3 Nbd7 6. Bd3 Bd6 7. Bb2 a6 8. O-O b5
9. Nbd2 Bb7 10. c5 Bc7 11. b4 O-O 12. Ne5 Ne8 13. e4 f6 14. Nef3 g6 15. Qc2 Ng7
16. Rae1 Rf7 17. Nb3 Nf8 18. e5 f5 19. Bc1 f4 20. h4 Nh5 21. Bd2 Qe8 22. Kh2
Bd8 23. Kh3 g5 24. hxg5 Rg7 25. g4 fxg3 26. fxg3 h6 27. Kg2 Bxg5 28. Nxg5 hxg5
29. Na5 Ra7 30. Rf3 Ba8 31. Ref1 Nf4+ 32. gxf4 gxf4+ 33. Kf2 Qh5 34. Ke1 Rg2
35. Kd1 Rag7 36. Kc1 Qh2 37. Nb3 Ng6 38. Bxg6 R7xg6 39. Rxf4 Rg1 40. Kb2 1-0

[Event "Tradewise Gibraltar Chess Festival 2013"]
[Site "Gibraltar ENG"]
[Date "2013.01.24"]
[Round "3.88"]
[White "Semprun Martinez, Fernando"]
[Black "Diaz Montenegro, Ignacio"]
[Result "1-0"]
[WhiteElo "2201"]
[BlackElo "1987"]
[PlyCount "63"]
[EventDate "2013.01.22"]
[EventType "swiss"]
[EventRounds "10"]
[EventCountry "ENG"]
[Source "lmi"]
[SourceDate "2013.01.22"]

1. e4 c5 2. Nf3 Nc6 3. d4 cxd4 4. Nxd4 Nf6 5. Nc3 e5 6. Ndb5 d6 7. Bg5 a6 8.
Na3 Be6 9. Nc4 Rc8 10. Bxf6 gxf6 11. Ne3 Ne7 12. Bd3 d5 13. exd5 Nxd5 14. Ncxd5
Bxd5 15. Nxd5 Qxd5 16. Qg4 Qa5+ 17. c3 Rd8 18. Be4 Qb6 19. O-O Rd7 20. Rad1 Rc7
21. Rd3 Qxb2 22. Rfd1 Be7 23. Qg7 Rf8 24. Bf5 Qa3 25. Qxh7 Rxc3 26. Bd7+ Kd8
27. Bb5+ Kc7 28. Rd7+ Kb6 29. Qe4 Rb8 30. Bf1 Ka7 31. Rb1 Rc6 32. Qxc6 1-0

[Event "Tradewise Gibraltar Chess Festival 2013"]
[Site "Gibraltar ENG"]
[Date "2013.01.24"]
[Round "3.89"]
[White "Hutton, Jack"]
[Black "Vinas Guerrero, Carlos A"]
[Result "0-1"]
[WhiteElo "2017"]
[BlackElo "2167"]
[PlyCount "56"]
[EventDate "2013.01.22"]
[EventType "swiss"]
[EventRounds "10"]
[EventCountry "ENG"]
[Source "lmi"]
[SourceDate "2013.01.22"]

1. e4 e5 2. Nf3 Nc6 3. d4 exd4 4. Bc4 Nf6 5. e5 Ng4 6. O-O d5 7. Bb5 Bd7 8.
Bxc6 bxc6 9. Nxd4 Qh4 10. h3 Nh6 11. Qd3 Bc5 12. c3 O-O 13. Be3 Bb6 14. Nd2 Qh5
15. N2f3 c5 16. Ne2 Qg6 17. Qd2 c6 18. Nh4 Qe4 19. Bf4 Nf5 20. Ng3 Nxg3 21.
Bxg3 d4 22. c4 Bf5 23. Qg5 Bg6 24. Rfe1 Bd8 25. Qd2 Qd3 26. Qd1 Qxd1 27. Raxd1
Bc2 28. Rd2 Ba5 0-1

[Event "Tradewise Gibraltar Chess Festival 2013"]
[Site "Gibraltar ENG"]
[Date "2013.01.24"]
[Round "3.90"]
[White "Novoa, Fernando"]
[Black "Pena Riasco, Alexander"]
[Result "1-0"]
[WhiteElo "2017"]
[BlackElo "2156"]
[PlyCount "87"]
[EventDate "2013.01.22"]
[EventType "swiss"]
[EventRounds "10"]
[EventCountry "ENG"]
[Source "lmi"]
[SourceDate "2013.01.22"]

1. d4 d5 2. c4 c6 3. Nf3 Nf6 4. Qc2 dxc4 5. Qxc4 Qd5 6. e3 Bf5 7. Nc3 Qxc4 8.
Bxc4 h6 9. O-O Nbd7 10. Re1 e6 11. e4 Bg4 12. Nd2 O-O-O 13. Nb3 Be7 14. a4 Bb4
15. a5 Bh5 16. Ra4 Bf8 17. Bf4 g5 18. Bg3 Bg6 19. d5 e5 20. dxc6 bxc6 21. Ba6+
Kb8 22. Rc4 Nh5 23. Rxc6 Bb4 24. Rc4 Be7 25. Nd4 Ka8 26. Nc6 Rde8 27. Nxe7 Rxe7
28. Nd5 Nb8 29. Nxe7 Nxg3 30. hxg3 Nxa6 31. Nxg6 fxg6 32. Rc6 Nb4 33. Rxg6 Rh7
34. a6 Kb8 35. Rc1 Rh8 36. Rc3 Na2 37. Rc4 g4 38. Rd6 h5 39. b3 h4 40. gxh4 g3
41. fxg3 Rf8 42. Rd2 Nb4 43. Rxb4+ Ka8 44. Rc4 1-0

[Event "Tradewise Gibraltar Chess Festival 2013"]
[Site "Gibraltar ENG"]
[Date "2013.01.24"]
[Round "3.91"]
[White "Kvisla, Johannes Luangtep"]
[Black "Boesch, Heinz"]
[Result "1-0"]
[WhiteElo "2148"]
[BlackElo "1904"]
[PlyCount "69"]
[EventDate "2013.01.22"]
[EventType "swiss"]
[EventRounds "10"]
[EventCountry "ENG"]
[Source "lmi"]
[SourceDate "2013.01.22"]

1. e4 c5 2. Nf3 Nc6 3. d4 cxd4 4. Nxd4 g6 5. c4 Bg7 6. Nc2 Qb6 7. Nc3 Bxc3+ 8.
bxc3 Qa5 9. Bd2 Nf6 10. f3 d6 11. Ne3 Be6 12. Nd5 Bxd5 13. cxd5 Ne5 14. Qb3 O-O
15. c4 Qc7 16. Be2 Rac8 17. Rc1 Ned7 18. O-O Nc5 19. Qe3 b6 20. Kh1 e5 21. Qh6
Nh5 22. g4 Ng7 23. Rg1 f6 24. Rg3 Rf7 25. h4 Rcf8 26. Qe3 Kh8 27. Qg1 f5 28. h5
Ne8 29. Bh6 Rg8 30. gxf5 Nf6 31. fxg6 hxg6 32. hxg6 Rfg7 33. Qh2 Rf8 34. Bxg7+
Kxg7 35. Rh3 1-0

[Event "Tradewise Gibraltar Chess Festival 2013"]
[Site "Gibraltar ENG"]
[Date "2013.01.24"]
[Round "3.92"]
[White "Gromovs, Sergejs"]
[Black "Jameson, David"]
[Result "1-0"]
[WhiteElo "2001"]
[BlackElo "2143"]
[PlyCount "119"]
[EventDate "2013.01.22"]
[EventType "swiss"]
[EventRounds "10"]
[EventCountry "ENG"]
[Source "lmi"]
[SourceDate "2013.01.22"]

1. d4 Nf6 2. c4 e6 3. Nf3 d5 4. Nc3 c6 5. Bg5 h6 6. Bh4 Be7 7. e3 O-O 8. Qc2
Nbd7 9. a3 b6 10. cxd5 cxd5 11. Bd3 Bb7 12. O-O Rc8 13. Rfc1 Nh5 14. Bxe7 Qxe7
15. Qe2 Nhf6 16. Ba6 Bxa6 17. Qxa6 Nb8 18. Qd3 Qb7 19. Rc2 a6 20. Rac1 Nbd7 21.
h3 Ne4 22. Nd2 Nxd2 23. Qxd2 Nf6 24. f3 Rc7 25. g4 Rfc8 26. h4 g6 27. g5 hxg5
28. hxg5 Nh5 29. Qh2 Rc4 30. f4 b5 31. Qg2 a5 32. b3 R4c7 33. Nd1 Qb6 34. Qf2
Rxc2 35. Rxc2 Rxc2 36. Qxc2 Nxf4 37. exf4 Qxd4+ 38. Nf2 Qxf4 39. Qc8+ Kh7 40.
Qd8 Qg3+ 41. Kf1 Qxb3 42. Qxa5 Qc4+ 43. Kg2 d4 44. Qd2 Qd5+ 45. Kf1 Kg7 46. Qf4
e5 47. Qe4 Qe6 48. Ng4 Qc4+ 49. Kf2 Qa2+ 50. Qe2 Qxa3 51. Qxe5+ Kf8 52. Nf6
Qb2+ 53. Kg3 Qc3+ 54. Kh4 Qc6 55. Nd5 f5 56. Qe7+ Kg8 57. Nf6+ Qxf6 58. gxf6
g5+ 59. Kxg5 d3 60. f7+ 1-0

[Event "Tradewise Gibraltar Chess Festival 2013"]
[Site "Gibraltar ENG"]
[Date "2013.01.24"]
[Round "3.93"]
[White "Linhart, Wolfgang"]
[Black "Dimitrijevic, Dragan"]
[Result "1-0"]
[WhiteElo "2130"]
[BlackElo "1896"]
[PlyCount "109"]
[EventDate "2013.01.22"]
[EventType "swiss"]
[EventRounds "10"]
[EventCountry "ENG"]
[Source "lmi"]
[SourceDate "2013.01.22"]

1. d4 b6 2. Nf3 Bb7 3. e3 g6 4. Bd3 Bg7 5. O-O d6 6. Re1 Nd7 7. e4 e5 8. c3 Ne7
9. d5 h6 10. c4 O-O 11. Nc3 Nc5 12. Bc2 a5 13. Rf1 Bc8 14. Ne1 f5 15. exf5 gxf5
16. Nd3 Bd7 17. Nxc5 bxc5 18. f4 Ng6 19. g3 Rb8 20. Rb1 exf4 21. Bxf4 Ne5 22.
b3 Qf6 23. Bd2 Qg6 24. Ne2 a4 25. Nf4 Qe8 26. Qh5 axb3 27. axb3 Ra8 28. Qxe8
Rfxe8 29. Nh5 Rf8 30. Nxg7 Kxg7 31. Bc3 Kg8 32. Rbe1 Rae8 33. h3 Re7 34. Kg2 c6
35. Rf4 cxd5 36. cxd5 Bc8 37. Bxe5 Rxe5 38. Rxe5 dxe5 39. Rc4 Bb7 40. Rxc5 e4
41. Kf2 Rd8 42. b4 Kf8 43. Bb3 Rd7 44. Ke3 Ke7 45. g4 Ba6 46. gxf5 Bd3 47. Rc6
Rb7 48. d6+ Kd7 49. Rc7+ Rxc7 50. dxc7 Kxc7 51. Bd5 Bf1 52. h4 Kd6 53. f6 Bh3
54. f7 Ke7 55. Kxe4 1-0

[Event "Tradewise Gibraltar Chess Festival 2013"]
[Site "Gibraltar ENG"]
[Date "2013.01.24"]
[Round "3.94"]
[White "Cawley, Paul F"]
[Black "Iglesias Fernandez, Luis"]
[Result "1-0"]
[WhiteElo "2113"]
[BlackElo "1862"]
[PlyCount "59"]
[EventDate "2013.01.22"]
[EventType "swiss"]
[EventRounds "10"]
[EventCountry "ENG"]
[Source "lmi"]
[SourceDate "2013.01.22"]

1. e4 e6 2. d4 d5 3. Nc3 Nf6 4. Bg5 dxe4 5. Nxe4 Be7 6. Bd3 Nxe4 7. Bxe7 Qxe7
8. Bxe4 Qb4+ 9. c3 Qxb2 10. Ne2 Nc6 11. O-O O-O 12. a4 Na5 13. Bxh7+ Kxh7 14.
Qd3+ f5 15. Rfb1 Qxa1 16. Rxa1 b6 17. Re1 Rf6 18. Nf4 Bd7 19. g4 g5 20. Nh5 Rf7
21. gxf5 exf5 22. Nf6+ Rxf6 23. Re7+ Kg6 24. Rxd7 Re6 25. Qh3 g4 26. Qh7+ Kg5
27. Rg7+ Kf4 28. Rf7 Kf3 29. Qxf5+ Ke2 30. Qc2+ 1-0

[Event "Tradewise Gibraltar Chess Festival 2013"]
[Site "Gibraltar ENG"]
[Date "2013.01.24"]
[Round "3.95"]
[White "Gieritz, Dietmar"]
[Black "Rujan, Rodel-Marinel"]
[Result "0-1"]
[WhiteElo "2112"]
[BlackElo "1759"]
[PlyCount "86"]
[EventDate "2013.01.22"]
[EventType "swiss"]
[EventRounds "10"]
[EventCountry "ENG"]
[Source "lmi"]
[SourceDate "2013.01.22"]

1. Nf3 d6 2. d4 g6 3. g3 Bg7 4. Bg2 Nd7 5. O-O e5 6. c4 Ngf6 7. Nc3 O-O 8. h3
c6 9. e4 Qc7 10. Be3 Re8 11. Qc2 a6 12. Rad1 b6 13. c5 bxc5 14. dxe5 Nxe5 15.
Nxe5 Rxe5 16. Bf4 Re6 17. Na4 Qe7 18. Rd2 Ne8 19. h4 Bb7 20. Rfd1 Bd4 21. b4
Nf6 22. Bg5 h6 23. bxc5 dxc5 24. Bxf6 Rxf6 25. Nb6 Rd8 26. Nc4 Qc7 27. Kh2 Bc8
28. f4 Bg4 29. Rb1 Rxf4 30. Rxd4 Rxd4 31. gxf4 Qxf4+ 32. Kg1 Be6 33. Rf1 Qxh4
34. Ne5 Qg5 35. Nf3 Qe3+ 36. Kh1 Rxe4 37. Qb2 Qe2 38. Qf6 Rg4 39. Ne1 Rg5 40.
Qf3 Qxa2 41. Qxc6 Qc4 42. Qd6 Bd5 43. Nf3 Qe2 0-1

[Event "Tradewise Gibraltar Chess Festival 2013"]
[Site "Gibraltar ENG"]
[Date "2013.01.24"]
[Round "3.96"]
[White "Onabogun, Kolade"]
[Black "Samu, Sorin-Mihai"]
[Result "1-0"]
[WhiteElo "1978"]
[BlackElo "2095"]
[PlyCount "121"]
[EventDate "2013.01.22"]
[EventType "swiss"]
[EventRounds "10"]
[EventCountry "ENG"]
[Source "lmi"]
[SourceDate "2013.01.22"]

1. e4 c5 2. Nf3 Nc6 3. c3 d5 4. exd5 Qxd5 5. d4 Bf5 6. Be3 cxd4 7. Nxd4 Nf6 8.
Nxf5 Qxf5 9. Qb3 Qc8 10. Be2 e6 11. Na3 Be7 12. Nc4 O-O 13. O-O Qc7 14. a4 Nd5
15. Bd2 Rac8 16. g3 Rfd8 17. Rfd1 Rd7 18. a5 h6 19. a6 b6 20. Na3 Rcd8 21. Nb5
Qe5 22. Bf1 Bc5 23. Qc2 Qf6 24. Be1 Ne5 25. Bg2 Nf3+ 26. Bxf3 Qxf3 27. Nd4 Qf6
28. Qe2 e5 29. Nb3 Bf8 30. c4 Nb4 31. Bxb4 Bxb4 32. Rxd7 Rxd7 33. Rd1 Rxd1+ 34.
Qxd1 Qe6 35. Qd8+ Kh7 36. Qc7 Qe7 37. Qb7 Bd6 38. Nd2 f5 39. Nb1 Kg6 40. Qxe7
Bxe7 41. Nc3 Bd6 42. Nd5 Kf7 43. Nxb6 Ke8 44. Nd5 Kd7 45. b4 Kc6 46. f3 g5 47.
g4 fxg4 48. fxg4 e4 49. Kf2 Bxh2 50. Ke3 Bg1+ 51. Kxe4 Bf2 52. Kf5 Kd6 53. Nc3
Kc6 54. Ne4 Be1 55. b5+ Kb6 56. Kg6 Bb4 57. Kxh6 Be7 58. Nxg5 Kc5 59. Ne4+ Kxc4
60. b6 Bd8 61. bxa7 1-0

[Event "Tradewise Gibraltar Chess Festival 2013"]
[Site "Gibraltar ENG"]
[Date "2013.01.24"]
[Round "3.98"]
[White "Kozarcanin, Sead"]
[Black "Diaz Gallego, Saul"]
[Result "1-0"]
[WhiteElo "2090"]
[BlackElo "1655"]
[PlyCount "79"]
[EventDate "2013.01.22"]
[EventType "swiss"]
[EventRounds "10"]
[EventCountry "ENG"]
[Source "lmi"]
[SourceDate "2013.01.22"]

1. e4 c5 2. Ne2 d6 3. g3 Nf6 4. Bg2 Nc6 5. O-O g6 6. d3 Bg7 7. Nbc3 O-O 8. h3
a6 9. g4 e6 10. Ng3 d5 11. f4 dxe4 12. dxe4 Qxd1 13. Nxd1 Bd7 14. c3 b5 15. Ne3
Rac8 16. Rd1 Rfd8 17. b3 Be8 18. Bb2 b4 19. e5 Nd7 20. g5 Nb6 21. Ne4 Rxd1+ 22.
Rxd1 Ne7 23. Rd6 Nbd5 24. Nf6+ Bxf6 25. Nxd5 Nxd5 26. Bxd5 Be7 27. Rxe6 fxe6
28. Bxe6+ Bf7 29. Bxc8 a5 30. c4 a4 31. e6 Be8 32. Bd7 a3 33. Bf6 Kf8 34. Kf2
Bd6 35. Ke3 Bc7 36. Ke4 Bb8 37. Be5 Bxe5 38. Kxe5 Bxd7 39. exd7 Ke7 40. d8=Q+
1-0

[Event "Tradewise Gibraltar Chess Festival 2013"]
[Site "Gibraltar ENG"]
[Date "2013.01.24"]
[Round "3.99"]
[White "Georgieva, Emilia"]
[Black "Grigoryan, Meri"]
[Result "1-0"]
[WhiteElo "1949"]
[BlackElo "2025"]
[PlyCount "115"]
[EventDate "2013.01.22"]
[EventType "swiss"]
[EventRounds "10"]
[EventCountry "ENG"]
[Source "lmi"]
[SourceDate "2013.01.22"]

1. d4 d5 2. Nf3 Nc6 3. c3 Bg4 4. h3 Bxf3 5. exf3 e5 6. Bb5 exd4 7. Bxc6+ bxc6
8. Qxd4 Nf6 9. O-O Be7 10. Bg5 O-O 11. Nd2 c5 12. Qd3 Rb8 13. b3 h6 14. Bh4 Rb6
15. Rfe1 g5 16. Bg3 Bd6 17. Be5 Bxe5 18. Rxe5 Re8 19. Rae1 Rxe5 20. Rxe5 Qd6
21. Qf5 Ra6 22. a4 c4 23. f4 gxf4 24. Qxf4 cxb3 25. Nxb3 Rxa4 26. Nd4 Ra1+ 27.
Kh2 Nd7 28. Re8+ Nf8 29. Qxd6 cxd6 30. Rd8 Ra2 31. f3 Ra3 32. Rxd6 Rxc3 33. Nb5
Rd3 34. Nxa7 Kg7 35. Nc6 Rd2 36. Ne7 Ne6 37. Rxd5 Ra2 38. Nf5+ Kg6 39. Nh4+ Kf6
40. Kg3 Ra4 41. Rf5+ Kg7 42. f4 Ra3+ 43. Kg4 Ra4 44. g3 Ng5 45. Rb5 Ne4 46.
Nf5+ Kg6 47. Kf3 Nf6 48. Ne3 Ra3 49. g4 Rd3 50. Ra5 Rb3 51. Ra6 Kg7 52. Rd6 Ra3
53. g5 hxg5 54. fxg5 Ne8 55. Rc6 Ra7 56. Nf5+ Kg8 57. Rc8 Kf8 58. Nd6 1-0

[Event "Tradewise Gibraltar Chess Festival 2013"]
[Site "Gibraltar ENG"]
[Date "2013.01.24"]
[Round "3.101"]
[White "Marttala, Thomas"]
[Black "Collins, Andrew"]
[Result "1-0"]
[WhiteElo "2217"]
[BlackElo "1638"]
[PlyCount "45"]
[EventDate "2013.01.22"]
[EventType "swiss"]
[EventRounds "10"]
[EventCountry "ENG"]
[Source "lmi"]
[SourceDate "2013.01.22"]

1. e4 e5 2. f4 exf4 3. Nf3 h6 4. Bc4 d6 5. d4 g5 6. O-O Be6 7. Bxe6 fxe6 8. g3
fxg3 9. hxg3 Na6 10. Nh2 Nf6 11. Ng4 Bg7 12. Nxf6+ Bxf6 13. Qh5+ Kd7 14. Be3
Be7 15. d5 Qg8 16. Nc3 Rf8 17. Rxf8 Bxf8 18. Rf1 Be7 19. Rf7 Qe8 20. dxe6+ Kxe6
21. Qg6+ Kd7 22. Nd5 Kd8 23. Nxe7 1-0

[Event "Tradewise Gibraltar Chess Festival 2013"]
[Site "Gibraltar ENG"]
[Date "2013.01.24"]
[Round "3.102"]
[White "Othman, Mustapha"]
[Black "Sanchez Castillo, Sarai"]
[Result "0-1"]
[WhiteElo "1878"]
[BlackElo "2212"]
[PlyCount "58"]
[EventDate "2013.01.22"]
[EventType "swiss"]
[EventRounds "10"]
[EventCountry "ENG"]
[Source "lmi"]
[SourceDate "2013.01.22"]

1. e4 e6 2. d4 d5 3. Nd2 Nf6 4. e5 Nfd7 5. Bd3 c5 6. c3 Nc6 7. Ne2 Qb6 8. Nf3
f6 9. exf6 Nxf6 10. O-O cxd4 11. cxd4 Bd6 12. Re1 O-O 13. Bf4 Nxd4 14. Nfxd4 e5
15. Bg5 exd4 16. Bxf6 Rxf6 17. Nxd4 g6 18. Re8+ Kf7 19. Qa4 Qxb2 20. Rb1 Qxf2+
21. Kh1 Be7 22. Rh8 Kg7 23. Re8 Rf7 24. Nf3 Bh3 25. Bf1 Rxe8 26. Qxe8 Bf5 27.
Re1 Be4 28. Rc1 Bd6 29. Ng1 Qf4 0-1

[Event "Tradewise Gibraltar Chess Festival 2013"]
[Site "Gibraltar ENG"]
[Date "2013.01.24"]
[Round "3.103"]
[White "Guerrero Romero, Antonio"]
[Black "Herbold, Manfred"]
[Result "1-0"]
[WhiteElo "1862"]
[BlackElo "2164"]
[PlyCount "153"]
[EventDate "2013.01.22"]
[EventType "swiss"]
[EventRounds "10"]
[EventCountry "ENG"]
[Source "lmi"]
[SourceDate "2013.01.22"]

1. d4 Nf6 2. Nf3 e6 3. Bg5 h6 4. Bh4 c5 5. c3 cxd4 6. Nxd4 d5 7. e3 Nc6 8. Nd2
e5 9. Nxc6 bxc6 10. Nf3 Bd6 11. Be2 O-O 12. O-O Be6 13. Qc2 c5 14. e4 d4 15.
Rfd1 Qb6 16. Bxf6 gxf6 17. b3 Kh7 18. Rac1 Rfc8 19. Bc4 Bxc4 20. bxc4 Qa6 21.
cxd4 cxd4 22. Nxd4 exd4 23. e5+ Kg7 24. exd6 Qxd6 25. Qe4 Rd8 26. Rd3 Qe5 27.
Rg3+ Kf8 28. Qh7 Ke7 29. Qxh6 Rg8 30. Qd2 Rxg3 31. hxg3 Kf8 32. Re1 Qc5 33. Re4
f5 34. Rxd4 Re8 35. Rd5 Qxc4 36. Rxf5 Re6 37. Rf4 Qb5 38. Rb4 Qe5 39. Rh4 a5
40. Qd8+ Re8 41. Qd4 Qxd4 42. Rxd4 Re1+ 43. Kh2 Re2 44. Ra4 Rxf2 45. Rxa5 Kg7
46. g4 Rf4 47. Kh3 Rf1 48. a4 Rh1+ 49. Kg3 Rf1 50. Rf5 Ra1 51. a5 Ra4 52. Rb5
Ra3+ 53. Kh4 Ra2 54. g3 Ra3 55. g5 Ra4+ 56. Kh5 Kh7 57. g6+ fxg6+ 58. Kg5 Kg7
59. Rb7+ Kf8 60. Ra7 Ke8 61. a6 Kd8 62. Kh6 Kc8 63. Ra8+ Kc7 64. Kg5 Ra1 65. g4
Ra4 66. Kh4 Ra5 67. a7 Kb7 68. Rg8 Kxa7 69. Rxg6 Kb7 70. Rd6 Kc7 71. Rd4 Kc6
72. g5 Rd5 73. Rxd5 Kxd5 74. g6 Ke6 75. Kg5 Ke7 76. Kh6 Kf8 77. Kh7 1-0